[Event "Soacha op-B"]
[Site "Soacha"]
[Date "2021.09.11"]
[Round "6"]
[White "Arenas Pinilla, Edwin"]
[Black "Gelvez, Alirio"]
[Result "1-0"]
[WhiteElo "1379"]
[BlackElo "1913"]
[PlyCount "38"]
[EventDate "2021.09.08"]
[EventType "swiss"]
[EventRounds "9"]
[EventCountry "COL"]
[SourceTitle "CBM 204 Extra"]
[Source "ChessBase"]
[SourceDate "2021.11.30"]
[SourceVersion "1"]
[SourceVersionDate "2021.11.30"]
[SourceQuality "1"]

1. d4 Nf6 2. Bf4 d5 3. e3 Nc6 4. Nf3 Bg4 5. Nbd2 e6 6. Bd3 Bd6 7. Bxd6 Qxd6 8. c3 a6 9. Qc2 Bxf3 10. Nxf3 e5 11. dxe5 Nxe5 12. Nxe5 Qxe5 13. h3 Ne4 14. Qa4+ c6 15. Qd4 Qxd4 16. exd4 Nd6 17. Kd1 Kd7 18. Re1 Rae8 19. Rxe8 Rxe8 1-0